000 00281nam a2200121Ia 4500
005 20251222154328.0
008 251222s9999||||xx |||||||||||||| ||spa||
020 _a84-206-0186-1
082 _a868.56/P45B
100 _a"Perez Galdós, Benito"
245 0 _aEl abuelo
942 _cLIB
999 _c34058
_d34058